00343nam a2200133Ia 4500008004100000041000800041082000600049100002800055245007900083250000600162260001500168300000900183650001700192240829s2013 xx 000 0 und d aeng a1 aDIVEKAR MAHESH SAMBHAJI aTO EVALUATE THE EFFECT OF YASHTIMADHU AS A MEDHYA IN SCHOOL GOING CHILDREN a1 a2013bN.D. a500p aKAUMARBRUTYA